| 000 | 00781nam a2200217 a 4500 | ||
|---|---|---|---|
| 001 | 000005083 | ||
| 003 | DO-SdBNP | ||
| 005 | 20250507151534.0 | ||
| 008 | 090729s1997 dr a 000 0 spa d | ||
| 040 |
_aDO-SdBNP _bspa _cBNPHU |
||
| 082 |
_a346.0432 _bR311p |
||
| 245 | 0 | 0 |
_aRecomendaciones para la reforma a la Ley de Tierras y otras disposiciones legales relacionadas : _bagenda IV. |
| 260 |
_aSanto Domingo : _bCRMJ, _c1997. |
||
| 300 |
_a272 p. : _bil. ; _c22 cm. |
||
| 490 | 1 | _aForum Permanente | |
| 650 | 4 |
_aTenencia de tierra _xLegislación _zRepública Dominicana _914598 |
|
| 651 | 4 |
_aDerecho agrario _zRepública Dominicana _987700 |
|
| 710 | 1 |
_aComisionado para la Reforma y Modernización de la Justicia _914596 |
|
| 830 | 0 |
_aForum Permanente _914597 |
|
| 942 |
_2ddc _cLBS1 |
||
| 999 |
_c4887 _d4887 |
||